|
|
|
|
| LEADER |
00000nab a2200000 a 4500 |
| 001 |
vtls008771847 |
| 003 |
SK-MaSNL |
| 005 |
20260426103313.0 |
| 008 |
250505c2005 xo |||||||||||000 b|slo |
| 015 |
|
|
|a SNBRB2006/06
|2 snkbucl
|
| 035 |
|
|
|a (uuid)a6813d95-9811-4806-94b0-1a293a430640
|
| 035 |
|
|
|a urn:nbn:sk:snk-ab9y6c
|
| 035 |
|
|
|a (urnnbn)urn:nbn:sk:snk:ar-a094a4
|
| 038 |
|
|
|a SNKBUCL
|
| 040 |
|
|
|a SNKBUCL
|b slo
|c SNKBUCL
|e AACR2
|
| 041 |
0 |
|
|a eng
|b eng
|b slo
|
| 044 |
|
|
|a xo
|c SK
|
| 080 |
|
|
|a 599.323.4:591.5
|x (437.6)
|2 1997
|
| 080 |
|
|
|a 599.363:591.5
|x (437.6)
|2 1997
|
| 080 |
|
|
|a 591.5
|x (437.6)
|2 1997
|
| 100 |
1 |
|
|a Baláž, Ivan,
|d 1976-
|4 aut
|9 126104
|
| 245 |
1 |
0 |
|a Small terrestrial mammals' synusia changes during several days of continual trapping
|c Ivan Baláž, Alena Jančová
|
| 300 |
|
|
|b Tab.
|
| 504 |
|
|
|a Bibliogr. odkazy
|
| 546 |
|
|
|a Res. angl., slov.
|
| 650 |
0 |
7 |
|a drobné cicavce
|2 snkbucl
|9 104675
|
| 650 |
0 |
7 |
|a myšovité
|2 snkbucl
|9 87474
|
| 650 |
0 |
7 |
|a hrabošovité
|2 snkbucl
|9 87475
|
| 650 |
0 |
7 |
|a piskorovité
|2 snkbucl
|9 87476
|
| 650 |
0 |
7 |
|a synúzie
|2 snkbucl
|9 1356691
|
| 651 |
|
7 |
|a Slovensko
|2 snkbucl
|9 14231
|
| 700 |
1 |
|
|a Jančová, Alena
|4 aut
|9 48539
|
| 773 |
0 |
|
|t Ekológia = Ecology
|g Vol. 24, No. 4 (2005), s. 337-343
|
| 850 |
|
|
|a Slovenská národná knižnica
|
| 852 |
|
|
|a Slovenská národná knižnica
|
| 958 |
|
|
|a article13
|
| 958 |
|
|
|a OND
|
| 958 |
|
|
|a NB
|
| 958 |
|
|
|a SK
|
| 958 |
|
|
|a EUIPO
|
| 999 |
|
|
|c 3282021
|d 3283951
|